Online Catalogue and eLibrary

Communication and Class Struggle: (Record no. 1108)

MARC details
000 -LEADER
fixed length control field 00555nam a2200205Ia 4500
005 - DATE AND TIME OF LATEST TRANSACTION
control field 20250320013438.0
008 - FIXED-LENGTH DATA ELEMENTS--GENERAL INFORMATION
fixed length control field 240331s9999 xx 000 0 und d
020 ## - INTERNATIONAL STANDARD BOOK NUMBER
ISBN 0884770184
082 ## - DDC Classification
Class No. 302.23
Item Number - Author Mark COM
DDC Edition Number 2066
245 #0 - TITLE STATEMENT
Title Communication and Class Struggle:
Remainder of title 2. Liberation, Socialism
260 ## - PUBLICATION, DISTRIBUTION, ETC.
Place of publication, distribution, etc. New York,
Name of publisher, distributor, etc. International General
Date of publication, distribution, etc. 1983
300 ## - PHYSICAL DESCRIPTION
Extent (e.g. Volumes, Pages etc.) 446 p., (Volume 2)
650 ## - SUBJECT ADDED ENTRY--TOPICAL TERM
Topical term or geographic name entry element Liberation
650 ## - SUBJECT ADDED ENTRY--TOPICAL TERM
Topical term or geographic name entry element Media
650 ## - SUBJECT ADDED ENTRY--TOPICAL TERM
Topical term or geographic name entry element Communication
650 ## - SUBJECT ADDED ENTRY--TOPICAL TERM
Topical term or geographic name entry element Socialism
700 ## - ADDED ENTRY--PERSONAL NAME
Personal name Mattelart, A
Relator term (Role) Editor
700 ## - ADDED ENTRY--PERSONAL NAME
Personal name Siegelaub, S
Relator term (Role) Editor
942 ## - Koha item type (Biblio)
Koha item type Books in Stacks (Lending)
Holdings
Lost status Damaged status Collection code Home library Current library Shelving location Date acquired Full call number Accession Number Item type
    Lending WERC Library WERC Library Social Science Cupboard 03/31/2024 302.23 COM 2066 Books in Stacks (Lending)

© WERC Library